| 000 | 004450000a22001810004500 | ||
|---|---|---|---|
| 003 | MACL | ||
| 005 | 20150707123804.0 | ||
| 008 | 150707b xxu||||| |||| 00| 0 eng d | ||
| 040 |
_aMACL _cMACL |
||
| 041 | _aEnglish | ||
| 082 | _a307 | ||
| 100 |
_aSwarnkar, G P _91063 |
||
| 245 | _aWomen Participation in Rural Environment | ||
| 260 |
_bChugh Publication _c1988 _aAllahbad |
||
| 350 | _a130 | ||
| 650 |
_aSociology _919 |
||
| 942 |
_cBK _k307 _2ddc |
||
| 999 |
_c6230 _d6230 |
||